Excavations at Tell Um Hammad, 1982-1984 : the early assemblages (EB I-II) /

محفوظ في:

المؤلف الرئيسي: Helms, S. W. (مؤلف)

مؤلفون آخرون: Betts, A. V. G., O'Tool, N.

التنسيق: كتاب

اللغة: English

منشور في: Edinburgh : Edinburgh University Press, 1992.

سلاسل: Excavations and explorations in the Hashemite Kingdom of Jordan.

الموضوعات:

الوسوم: إضافة وسم

لا توجد وسوم, كن أول من يضع وسما على هذه التسجيلة!

رقم الطلب: DS154.9 .U47 H45 1992

LEADER 01550namaa2200313 4500
001 23809
003 OSt
005 20211215071823.0
008 130303s1992 enkab g b 000 0 eng d
952 |0 0  |1 0  |2 lcc  |4 0  |6 DS01549 U47 H45 01992  |7 1  |9 23809  |a ARCE  |b ARCE  |d 2021-12-15  |l 0  |o DS154.9 .U47 H45 1992  |p 1009080  |r 2021-12-15 00:00:00  |w 2021-12-15  |y BK 
999 |c 22616  |d 22616 
020 |a 0748603360 
040 |c ARCE Library 
043 |a a-jo--- 
050 4 |a DS154.9 .U47 H45 1992 
100 1 |a Helms, S. W.  |q (Svend W.),   |e author 
245 1 0 |a Excavations at Tell Um Hammad, 1982-1984 :   |b the early assemblages (EB I-II) /   |c edited by A.V.G. Betts ; [text by] S.W. Helms and A. Betts, N. O'Tool.  |h   
264 1 |a Edinburgh :   |b Edinburgh University Press,   |c 1992. 
300 |a xiv, 425 pages :   |b illustrations, maps ;   |c 25 cm. 
490 0 |a Excavations and explorations in the Hashemite Kingdom of Jordan. 
504 |a Includes bibliographical references (p. [416]-425). 
505 0 |a •List of Illustrations •Abbreviations •Editor's Preface •Preface •1. Introduction •2. Stratigraphy •3. Architecture •Introduction •Introduction •4. the Pottery Typology •5. the Chipped Stone Assemblage •6. Other Finds •7. Conclusion A. V. G. Betts and S. W. Helms •Introduction •Summary •Bibliography  
555 |a Omnia 
650 0 |a Excavations (Archaeology)   |z Jordan  |z Umm Hammad, Tall.  |9 12159 
651 0 |a Umm Hammad, Tall (Jordan) 
700 1 |a Betts, A. V. G. 
700 1 |a O'Tool, N. 
901 |a reviewed 
942 |c BK  |2 lcc